00986cam a22002535a 4500001000800000005001700008008004100025020001500066020001800081040002300099082002200122245014900144260004900293300003400342504005100376541003100427650004800458653002300506700003600529700003000565942000800595999001700603952011200620485136720180205102310.0910430s1991 enka frb 001 0 eng d a185293171X a9781852931711 aDLCcDLCdDLCbeng04a338.6042222bCHA04aThe Changing geography of advanced producer services :btheoretical and empirical perspectives /cedited by Peter W. Daniels and Frank Moulaert. aLondon ;aNew York :bBelhaven Press,c1991. axii, 216 p. :bill. ;c24 cm. aIncludes bibliographical references and index. aDonation from David Kirby. 7aService industriesxLocation.2BUEsh935101 bGGENcFebruary20181 aDaniels, P. W.,935009eeditor.1 aMoulaert, Frank,eeditor. 2ddc c26084d26056 00102ddc4070aMAINbMAINc1STd2018-02-05eDonationl0o338.6042 CHAp000047228r2025-07-15 00:00:00yBB